<?xml version="1.0" encoding="UTF-8"?>
<record
    xmlns:xsi="http://www.w3.org/2001/XMLSchema-instance"
    xsi:schemaLocation="http://www.loc.gov/MARC21/slim http://www.loc.gov/standards/marcxml/schema/MARC21slim.xsd"
    xmlns="http://www.loc.gov/MARC21/slim">

  <leader>00943    a2200313   4500</leader>
  <controlfield tag="005">20250924100321.0</controlfield>
  <controlfield tag="008">250818b        |||||||| |||| 00| 0 eng d</controlfield>
  <datafield tag="041" ind1=" " ind2=" ">
    <subfield code="a">Fr</subfield>
  </datafield>
  <datafield tag="044" ind1=" " ind2=" ">
    <subfield code="a">CIV</subfield>
  </datafield>
  <datafield tag="090" ind1=" " ind2=" ">
    <subfield code="b">DG/A/1649</subfield>
  </datafield>
  <datafield tag="100" ind1=" " ind2=" ">
    <subfield code="a"> FONDIO, Lassina</subfield>
  </datafield>
  <datafield tag="100" ind1=" " ind2=" ">
    <subfield code="a">DIABATE, Seydou </subfield>
  </datafield>
  <datafield tag="110" ind1=" " ind2=" ">
    <subfield code="a">Centre National de Recherche Agronomique</subfield>
  </datafield>
  <datafield tag="110" ind1=" " ind2=" ">
    <subfield code="b">Cote d'Ivoire</subfield>
  </datafield>
  <datafield tag="245" ind1=" " ind2=" ">
    <subfield code="a">Promotion de la transition agroecologique en zone tropicales : Les enjeux du maraichage periurbain</subfield>
  </datafield>
  <datafield tag="260" ind1=" " ind2=" ">
    <subfield code="c">Mai 2025</subfield>
  </datafield>
  <datafield tag="302" ind1=" " ind2=" ">
    <subfield code="a">4 p.</subfield>
  </datafield>
  <datafield tag="388" ind1=" " ind2=" ">
    <subfield code="a">2025-08-18</subfield>
  </datafield>
  <datafield tag="650" ind1=" " ind2=" ">
    <subfield code="2">AGROVOC</subfield>
    <subfield code="g">Projet</subfield>
  </datafield>
  <datafield tag="650" ind1=" " ind2=" ">
    <subfield code="g">Mrigo</subfield>
    <subfield code="2">AGROVOC</subfield>
  </datafield>
  <datafield tag="650" ind1=" " ind2=" ">
    <subfield code="g">Promotion</subfield>
    <subfield code="2">AGROVOC</subfield>
  </datafield>
  <datafield tag="650" ind1=" " ind2=" ">
    <subfield code="g">Transition</subfield>
    <subfield code="2">AGROVOC</subfield>
  </datafield>
  <datafield tag="650" ind1=" " ind2=" ">
    <subfield code="g">Agroecologique</subfield>
    <subfield code="2">AGROVOC</subfield>
  </datafield>
  <datafield tag="650" ind1=" " ind2=" ">
    <subfield code="g">Zone tropicale</subfield>
    <subfield code="2">AGROVOC</subfield>
  </datafield>
  <datafield tag="650" ind1=" " ind2=" ">
    <subfield code="g">Enjeux</subfield>
    <subfield code="2">AGROVOC</subfield>
  </datafield>
  <datafield tag="650" ind1=" " ind2=" ">
    <subfield code="g">Maraichage</subfield>
    <subfield code="2">AGROVOC</subfield>
  </datafield>
  <datafield tag="650" ind1=" " ind2=" ">
    <subfield code="g">Periurbain </subfield>
    <subfield code="2">AGROVOC</subfield>
  </datafield>
  <datafield tag="856" ind1=" " ind2=" ">
    <subfield code="u">https://ftech.byethost7.com/wp-content/uploads/2025/08/DGA1649.pdf</subfield>
  </datafield>
  <datafield tag="999" ind1=" " ind2=" ">
    <subfield code="c">5968</subfield>
    <subfield code="d">5968</subfield>
  </datafield>
  <datafield tag="952" ind1=" " ind2=" ">
    <subfield code="0">0</subfield>
    <subfield code="1">0</subfield>
    <subfield code="2">udc</subfield>
    <subfield code="4">0</subfield>
    <subfield code="6">DGA1649</subfield>
    <subfield code="7">0</subfield>
    <subfield code="9">4553</subfield>
    <subfield code="a">CGC</subfield>
    <subfield code="b">CGC</subfield>
    <subfield code="d">2025-08-18</subfield>
    <subfield code="l">0</subfield>
    <subfield code="o">DG/A/1649</subfield>
    <subfield code="r">2025-08-18 11:21:00</subfield>
    <subfield code="u">https://ftech.byethost7.com/wp-content/uploads/2025/08/DGA1649.pdf</subfield>
    <subfield code="w">2025-08-18</subfield>
    <subfield code="y">BK</subfield>
  </datafield>
</record>
